Podnikovohospodárska náuka Vybrané kapitoly. Diel 1
Enregistré dans:
| Auteur principal: | |
|---|---|
| Collectivité auteur: | |
| Format: | Livre |
| Langue: | slovaque |
| Publié: |
Bratislava
VŠE
1991
|
| Édition: | 1. vyd. |
| Tags: |
Pas de tags, Soyez le premier à ajouter un tag!
|
MARC
| LEADER | 00000nam a2200000 4500 | ||
|---|---|---|---|
| 001 | c025147 | ||
| 005 | 20221214094525.5 | ||
| 020 | |a 80-225-0280-4 | ||
| 041 | 0 | |a slo | |
| 044 | |a SK | ||
| 245 | 1 | 0 | |a Podnikovohospodárska náuka |b Vybrané kapitoly. Diel 1 |c Jozef Mešťánek a kol. |
| 250 | |a 1. vyd. | ||
| 264 | 1 | |a Bratislava |b VŠE |c 1991 | |
| 300 | |a 100 s. | ||
| 100 | 1 | |a Mešťánek, Jozef | |
| 710 | 2 | |a Vysoká škola ekonomická v Bratislave. Fakulta ekonomiky a riadenia výrobných odvetví | |